| 000 | 00511nam a2200181Ia 4500 | ||
|---|---|---|---|
| 005 | 20250619152321.0 | ||
| 008 | 008 250516s9999 xx 000 0 eng d | ||
| 020 | _a9781041034155 | ||
| 040 |
_beng _cSDCL |
||
| 041 |
_aeng _2eng |
||
| 084 | _aX:77.1'P R5 | ||
| 245 | 0 |
_aGood governance and economic growth : _bComplimentary or problematic? |
|
| 260 |
_aLondon : _bRoutledge, _c2025. |
||
| 300 | _axxvii, 283p. | ||
| 650 | _aEconomics | ||
| 700 |
_aDas, Ramesh Chand Ed. _9809675 |
||
| 942 |
_cTEXL _2CC |
||
| 999 |
_c1429713 _d1429713 |
||